| 000 | 00876cam a2200289 4500 | ||
|---|---|---|---|
| 001 | 13958 | ||
| 003 | BD-RjUL | ||
| 005 | 20211208235538.0 | ||
| 008 | 140203s1969 enk b 001 0 eng | ||
| 020 | _a008012982X | ||
| 035 | _a(BD-RjUL)14010 | ||
| 040 |
_aDLC _cDLC _dDLC _beng |
||
| 041 | _aeng | ||
| 082 | 0 | 0 |
_a621.38153 _bSPT 1969 |
| 100 | 1 |
_aSparkes, John J. _943629 |
|
| 245 | 1 | 0 |
_aTransistor switching and sequential circuits / _cJohn J. Sparkes. |
| 250 | _a[1st ed.] | ||
| 260 |
_aOxford : _aNew York : _bPergamon Press, _c1969 |
||
| 300 |
_ax, 235 p. : _c21 cm. |
||
| 490 | 0 | _aThe Commonwealth and international library. Applied electricity and electronics division | |
| 504 | _aIncludes index | ||
| 650 | 0 |
_aSwitching circuits. _939282 |
|
| 650 | 0 |
_aTransistor circuits. _939274 |
|
| 942 |
_2ddc _cBK |
||
| 999 |
_c13958 _d13958 |
||